| 000 | 00663cam a2200181 4500 | ||
|---|---|---|---|
| 001 | 4552 | ||
| 010 | _a 2008038184 | ||
| 020 | _a9781420061475 (hardcover : alk. paper) | ||
| 100 | 1 |
_aManly, Bryan F. J., _d1944- |
|
| 245 | 1 | 0 |
_aStatistics for environmental science and management / _cBryan F.J. Manly. |
| 250 | _a2nd ed. | ||
| 260 |
_aBoca Raton : _bChapman & Hall/CRC, _cc2009. |
||
| 300 |
_axiv, 295 p. : _bill. ; _c25 cm. |
||
| 490 | 0 | _aApplied environmental statistics | |
| 504 | _aIncludes bibliographical references (p. 279-290) and index. | ||
| 650 | 0 |
_aEnvironmental management _xStatistical methods. |
|
| 650 | 0 |
_aEnvironmental sciences _xStatistical methods. |
|
| 999 |
_c3773 _d3773 |
||